| 000 | 00386nam a2200145Ia 4500 | ||
|---|---|---|---|
| 008 | 220120s9999||||xx |||||||||||||| ||und|| | ||
| 020 | _a9788131217917 | ||
| 082 | _a621.406 GOV | ||
| 100 | _aGovindegowda, M.S and Nagaraja, A.M | ||
| 245 | 0 | _aText book of turbo machines | |
| 250 | _a5th | ||
| 260 |
_aMM _bAm erdam _c2011 |
||
| 300 |
_aXXIII, 507p. _b425 |
||
| 650 | _aCOMPUTER SCIENCE | ||
| 999 |
_c132781 _d132781 |
||